000 00555nam a2200217Ia 4500
003 GCL
008 140319s9999 xx 000 0 eng d
040 _aGCL /
_cGCL
082 0 4 _aCC
_b932
_bE E
100 1 _aE.A.O.
245 1 0 _aTHE EGYTIAN MUSEUM, CAIRO IN TEN YEARS 1965-1975 /
_cE.A.O.
260 _a[S.N] :
_bEGYPTIAN ANTIQUITIES ORGANIZATION ،
_c1976
300 _a49
650 0 4 _aANCIENT EGYPT
650 0 4 _aHISTORY
650 0 4 _aCAIRO
650 0 4 _aARCHAEOLOGY
650 0 4 _aEGYPTOLOGY
650 0 4 _aEGYPT, MUSEUMS
942 _2ddc
_cBK
999 _c16136
_d16136